Русские писатели-художники о смертной казни (Запис № 390230)

МАРК-запис
000 -Лідер
fixed length control field 01450nam a22002537a 4500
001 - Контрольний номер
control field 103816
003 - Ідентифікатор контрольного номера
control field UA-OsUOA
005 - Дата та час останнього входження (трансакції)
control field 20230504161333.0
007 - Фіксоване поле фізичного опису
fixed length control field ta
008 - Елементи даних фіксованої довжини – загальна інформація
fixed length control field 20131120b un ||||| |||| 00| 0 ukr d
040 ## - Джерело каталогізації
Агенція оригінальної каталогізації UA-OsUOA
Мова каталогізації rus
Агенція, яка здійснювала перезапис UA-OsUOA
Агенція, яка здійснювала модифікацію UA-OsUOA
041 ## - Код мови
Код мови тексту/ звукової доріжки чи окремого заголовка (П) rus
080 ## - Індекс Універсальної десяткової класифікації
Індекс Універсальної десяткової класифікації (УДК) (НП) 343.253
090 ## - Локальний шифр розміщення
Класифікаційний індекс УДК 343.253
Авторський знак (НП) М19
100 ## - Основне введення – ім’я особи
Ім’я особи (НП) Малиновский И. А.
245 ## - Відомості про назву
Назва (НП) Русские писатели-художники о смертной казни
Дані про відповідальність (НП) Малиновский И. А. ; под ред. и с предисловием В. А. Попелюшка
260 ## - Публікація, розповсюдження і т.п. (Вихідні дані)
Місце публікації, розповсюдження і т.п. (П) Острог
Ім’я/ наймення видавництва, розповсюджувача і т.п. (П) Острожская академия
Дата публікації, розповсюдження і т.п. (П) 2013
300 ## - Фізичний опис
Обсяг 120 с.
520 ## - Резюме і т.п.
Резюме, реферат, анотація, тощо (НП) В книге изложены художественные изображения смертной казни более 50-ю русскими писателями и поэтами XIX - начала XX века и их единодушная позиция на смертную казнь как меру уголовного наказаний: смертная казнь, не акт правосудия, а убийство - дело варварское, безумное, безгранично жестокое, бесчеловечное.
650 #7 - Додаткове предметне введення – тематичний термін
Тематичний термін чи географічна назва, як елемент введення (НП) 343 Кримінальне право. Карні порушення
Джерело заголовка чи терміна UDC
942 ## - Додаткові елементи входу (Коха)
Тип елемента Koha Книги
Source of classification or shelving scheme Universal Decimal Classification
955 ## - Код типу видання за змістом
Код типу видання за змістом (НП) Навчальні видання
Фонди
Стан вилучень Стан втрат Джерело класифікації або схеми стелажів Стан уражень Не для кредиту Постійне місце розташування Поточне розміщення Дата придбання Джерело придбання Вартість, звичайна ціна покупки Інвентарний номер Усього замовленно Повний номер виклику Штрих-код Дата останнього перегляду Ціна ефективна від Тип елемента Koha
    Universal Decimal Classification     ЧЗ - Читальна зала ЧЗ - Читальна зала 20/11/2013 60/2013 20.00 144209   343.253 М19 144209 09/02/2022 20/11/2013 Книги
    Universal Decimal Classification     ЧЗ - Читальна зала ЧЗ - Читальна зала 20/11/2013 60/2013 20.00 144210   343.253 М19 144210 06/02/2022 20/11/2013 Книги